عرض عادي
عرض مارك
- UC 2010
مدخل إسم مؤتمر
001 - رقم الضبط
- حقل الضبط: 18678
003 - معرف رقم الضبط
- حقل الضبط: OSt
005 - تاريخ ووقت أخر عملية
- حقل الضبط: 20121226171405.0
008 - عناصر بيانات ثابتة الطول
- حقل تحكم ثابت الطول: 121226|||a|||||| | ||| d
040 ## - مصدر الفهرسة
- هيئة الفهرسة الأصلية: OSt
- وكالة الكتابة: OSt
111 ## - مدخل -- اسم مؤتمر
- اسم الملتقي او اسم السلطه كعنصر مدخل: UC 2010
- تاريخ المؤتمر: (2010 :
- مكان الملتقي: Tokyo, Japan)
670 ## - بيانات المصدر موجوده
- الاستشهاد بالمصدر: Work cat.: (OSt)0: UC 2010 (2010 : Tokyo, Japan), Unconventional computation :, 2010.
